[Event "Berlin op 10"]
[Site "Berlin"]
[Date "2000.11.27"]
[Round "7"]
[White "Brener, Svetlana"]
[Black "Figura, Aleksandar"]
[Result "0-1"]
[WhiteElo "1008"]
[BlackElo "1494"]
[PlyCount "56"]
[EventDate "2000.10.16"]
[EventType "swiss"]
[EventRounds "7"]
[EventCountry "GER"]
[SourceTitle "EXT 2007"]
[Source "ChessBase"]
[SourceDate "2006.11.23"]
[SourceVersion "1"]
[SourceVersionDate "2006.11.23"]
[SourceQuality "1"]

1. d4 Nf6 2. c4 c5 3. dxc5 e6 4. e3 Bxc5 5. Nc3 a6 6. Nf3 0-0 7. Bd3 Nc6 8. a3 d5 9. 0-0 dxc4 10. Bxc4 Qc7 11. Qc2 Ne5 12. Nxe5 Qxe5 13. Bd3 Ng4 14. g3 Qh5 15. h4 f5 16. Qe2 b5 17. b4 Ba7 18. f3 Ne5 19. f4 Ng4 20. Nd1 Qh6 21. Nf2 Nxf2 22. Qxf2 Bb7 23. Qe2 Rf6 24. Bb2 Rg6 25. Kh2 Rg4 26. Rac1 Rxh4+ 27. gxh4 Qxh4+ 28. Kg1 Qg3+ 0-1

[Event "Berlin op 10"]
[Site "Berlin"]
[Date "2000.11.20"]
[Round "6"]
[White "Koeckeritz, Dieter"]
[Black "Brener, Svetlana"]
[Result "1-0"]
[WhiteElo "1558"]
[BlackElo "1008"]
[PlyCount "45"]
[EventDate "2000.10.16"]
[EventType "swiss"]
[EventRounds "7"]
[EventCountry "GER"]
[SourceTitle "EXT 2007"]
[Source "ChessBase"]
[SourceDate "2006.11.23"]
[SourceVersion "1"]
[SourceVersionDate "2006.11.23"]
[SourceQuality "1"]

1. Nf3 d5 2. d4 Nf6 3. Bg5 e6 4. c4 c6 5. e3 Be7 6. Bd3 0-0 7. 0-0 b6 8. Nc3 Nbd7 9. Rc1 Bb7 10. h3 Qc7 11. Qc2 h6 12. Bh4 Rfe8 13. cxd5 exd5 14. Bg3 Bd6 15. Nb5 Qd8 16. Nxd6 Re6 17. Nxb7 Qe8 18. Nd6 Qe7 19. Nf5 Qe8 20. Ne5 Nxe5 21. Bxe5 Qf8 22. Bxf6 Rxf6 23. Ng3 1-0

[Event "Lucky op 2nd"]
[Site "Hamburg"]
[Date "1999.10.21"]
[Round "8"]
[White "Rohlfs, Ricarda"]
[Black "Brener, Svetlana"]
[Result "1-0"]
[WhiteElo "1279"]
[BlackElo "800"]
[PlyCount "61"]
[EventDate "1999.10.??"]
[EventType "swiss"]
[EventRounds "9"]
[EventCountry "GER"]
[SourceTitle "EXT 2001"]
[Source "ChessBase"]
[SourceDate "2000.11.22"]
[SourceVersion "1"]
[SourceVersionDate "2000.11.22"]
[SourceQuality "1"]

1. e4 e5 2. Nf3 Nc6 3. Bb5 Bc5 4. 0-0 Nf6 5. Bxc6 dxc6 6. Nxe5 Nxe4 7. Qe2 Bf5 8. d3 Qd4 9. Nf3 Qd5 10. Nc3 Qe6 11. dxe4 Bg4 12. Re1 Bxf3 13. Qxf3 0-0-0 14. Qf5 Kb8 15. Qxc5 Rd7 16. Qg5 Rhd8 17. Bf4 f6 18. Qf5 Qf7 19. e5 Re7 20. Rad1 Rc8 21. exf6 Rxe1+ 22. Rxe1 Re8 23. Rxe8+ Qxe8 24. h3 Qe1+ 25. Kh2 a6 26. fxg7 Qe8 27. Qf8 Qxf8 28. gxf8Q+ Ka7 29. Bxc7 a5 30. Qb8+ Ka6 31. Qa8# 1-0